书目信息 |
| 题名: |
守初心,育未来
|
|
| 作者: | 聂圣哲 著 | |
| 分册: | ||
| 出版信息: | 杭州 浙江教育出版社 2020.06 |
|
| 页数: | 194页 | |
| 开本: | 23cm | |
| 丛书名: | ||
| 单 册: | ||
| 中图分类: | G78-53 | |
| 科图分类: | ||
| 主题词: | 家庭教育--jia ting jiao yu--讲座--文集 | |
| 电子资源: | ||
| ISBN: | 978-7-5722-0175-2 | |
| 000 | 01022nam0 2200253 450 | |
| 001 | 0109110038 | |
| 005 | 20201109110332.0 | |
| 010 | @a978-7-5722-0175-2@dCNY48.00 | |
| 100 | @a20200728d2020 em y0chiy50 ea | |
| 101 | 0 | @achi |
| 102 | @aCN@b330000 | |
| 105 | @ag z 000yy | |
| 106 | @ar | |
| 200 | 1 | @a守初心,育未来@Ashou chu xin, yu wei lai@e从孩子成长视角赋能家庭教育@f新东方教育科技集团有限公司, 新东方家庭教育研究与指导中心编 |
| 210 | @a杭州@c浙江教育出版社@d2020.06 | |
| 215 | @a194页@d23cm | |
| 300 | @a第十二届新东方家庭教育高峰论坛实录 | |
| 330 | @a本书收录了来自全国教育系统、妇联系统、家庭教育领域著专家学者,社会知名人士等多位嘉宾有深度的家庭教育前沿理论、儿童青少年成长现状、新时代的教育理论等。 | |
| 517 | 1 | @a从孩子成长视角赋能家庭教育@Acong hai zi cheng zhang shi jiao fu neng jia ting jiao yu |
| 606 | 0 | @a家庭教育@Ajia ting jiao yu@x讲座@j文集 |
| 690 | @aG78-53@v5 | |
| 701 | 0 | @a聂圣哲@Anie sheng zhe@f(1965-)@4著 |
| 801 | 0 | @aCN@bBJSZM@c20201103 |
| 905 | @b1264866-70@dG78-53@e2289@f5 | |
| 守初心,育未来:从孩子成长视角赋能家庭教育/新东方教育科技集团有限公司, 新东方家庭教育研究与指导中心编.-杭州:浙江教育出版社,2020.06 |
| 194页;23cm |
| 第十二届新东方家庭教育高峰论坛实录 |
| ISBN 978-7-5722-0175-2:CNY48.00 |
| 本书收录了来自全国教育系统、妇联系统、家庭教育领域著专家学者,社会知名人士等多位嘉宾有深度的家庭教育前沿理论、儿童青少年成长现状、新时代的教育理论等。 |
| ● |
| 相关链接 |
|
|
|
|
正题名:守初心,育未来
索取号:G78-53/2289
 
预约/预借
| 序号 | 登录号 | 条形码 | 馆藏地/架位号 | 状态 | 备注 |
| 1 | 1264866 | 212648660 | 第一样本阅览室/ [索取号:G78-53/2289] | 在馆 | |
| 2 | 1264867 | 212648679 | 教育系资料室/ [索取号:G78-53/2289] | 在馆 | |
| 3 | 1264868 | 212648688 | 教育系资料室/ [索取号:G78-53/2289] | 在馆 | |
| 4 | 1264869 | 212648697 | 第四借阅区/ [索取号:G78-53/2289] | 在馆 | |
| 5 | 1264870 | 212648704 | 第四借阅区/ [索取号:G78-53/2289] | 在馆 |